000 00443nam a22001457a 4500
003 MACL
005 20180228124130.0
008 180228b xxu||||| |||| 00| 0 eng d
040 _cMACL
100 _aसुजीत कुमार
_949411
245 _aकंप्‍यूटर शब्‍दकोश
260 _aदिल्‍ली
_bअनुराग
_c2014
650 _aकंप्‍यूटर
_947918
942 _2ddc
_cBK
999 _c57328
_d57328